[Event "Lichtenrader Herbst 2016"]
[Site "Berlin-Lichtenrade"]
[Date "2016.10.28"]
[Round "7.3"]
[White "Ilic, Zoran S"]
[Black "Stefansson, Hannes"]
[Result "1/2-1/2"]
[WhiteElo "2283"]
[BlackElo "2571"]
[PlyCount "27"]
[EventDate "2016.??.??"]
[WhiteTeam "ohne Verein"]
[BlackTeam "Reykjavik"]

1. d4 Nf6 2. c4 e6 3. g3 Be7 4. Bg2 d5 5. Nf3 O-O 6. O-O dxc4 7. Ne5 Nc6 8.
Nxc6 bxc6 9. Na3 Bxa3 10. bxa3 Rb8 11. Qa4 Qxd4 12. Be3 Qb2 13. Qxc4 Nd5 14.
Bxa7 1/2-1/2

[Event "Lichtenrader Herbst 2016"]
[Site "Berlin-Lichtenrade"]
[Date "2016.10.28"]
[Round "7.4"]
[White "Bruedigam, Martin"]
[Black "Heinig, Wolfram"]
[Result "1/2-1/2"]
[WhiteElo "2408"]
[BlackElo "2277"]
[PlyCount "80"]
[EventDate "2016.??.??"]
[WhiteTeam "SK König Tegel"]
[BlackTeam "SK Zehlendorf e.V."]

1. e4 c6 2. d4 d5 3. Nd2 dxe4 4. Nxe4 Bf5 5. Ng3 Bg6 6. h4 h6 7. Nf3 Nd7 8. h5
Bh7 9. Bd3 Bxd3 10. Qxd3 e6 11. Bd2 Ngf6 12. O-O-O Be7 13. Kb1 O-O 14. Ne4 Nxe4
15. Qxe4 Nf6 16. Qe2 Qd5 17. Be3 Rad8 18. Ne5 Nd7 19. Bc1 Nxe5 20. dxe5 Qa5 21.
Rde1 Qb5 22. Qg4 Kh8 23. Rh3 a5 24. a3 Qc5 25. Qe2 b5 26. f4 a4 27. Be3 Qd5 28.
Bb6 Rb8 29. Rd1 Qc4 30. Qxc4 bxc4 31. Bd4 Rfd8 32. Kc1 Rd5 33. Rhh1 Rbd8 34.
Bb6 Rb8 35. Bd4 Rbd8 36. c3 Kg8 37. Bb6 Rb8 38. Rxd5 cxd5 39. Bd4 f5 40. Rh3
Kf7 1/2-1/2

[Event "Lichtenrader Herbst 2016"]
[Site "Berlin-Lichtenrade"]
[Date "2016.10.28"]
[Round "7.5"]
[White "Schnabel, Ralf"]
[Black "Inkiov, Ventzislav"]
[Result "0-1"]
[WhiteElo "2234"]
[BlackElo "2436"]
[PlyCount "80"]
[EventDate "2016.??.??"]
[WhiteTeam "ESV Nickelhütte Aue"]

1. e4 c5 2. Nf3 d6 3. d4 cxd4 4. Nxd4 Nf6 5. Nc3 Nc6 6. Be2 g6 7. Nb3 Bg7 8.
O-O O-O 9. Bg5 Be6 10. Re1 a5 11. a4 Rc8 12. Bf1 Nb4 13. Nd4 Bc4 14. Ndb5 h6
15. Bh4 Bxf1 16. Rxf1 g5 17. Bg3 d5 18. exd5 Nfxd5 19. Nxd5 Qxd5 20. c3 Nd3 21.
Qe2 e5 22. Rfd1 Rfd8 23. b3 f5 24. c4 Qd7 25. f3 e4 26. Rab1 f4 27. Be1 Bd4+
28. Kh1 exf3 29. Qxf3 Nxe1 30. Rxe1 Bg7 31. h4 Qf7 32. Rbd1 Rxd1 33. Rxd1 Rf8
34. Nd6 Qg6 35. h5 Qc2 36. Nxb7 g4 37. Qd5+ Kh8 38. Nd6 f3 39. Rg1 f2 40. Rf1
Qe2 0-1

[Event "Lichtenrader Herbst 2016"]
[Site "Berlin-Lichtenrade"]
[Date "2016.10.28"]
[Round "7.6"]
[White "Llopis de Aysa, Manuel"]
[Black "Gabuzyan, Hovhannes"]
[Result "0-1"]
[WhiteElo "2023"]
[BlackElo "2592"]
[PlyCount "134"]
[EventDate "2016.??.??"]
[WhiteTeam "La Tour Aycelin"]

1. d4 Nf6 2. c4 g6 3. Nc3 c5 4. d5 Bg7 5. e4 d6 6. Nf3 O-O 7. Bd3 Bg4 8. h3
Bxf3 9. Qxf3 Nbd7 10. Qd1 a6 11. O-O e6 12. Bg5 h6 13. Be3 exd5 14. exd5 Re8
15. Qd2 Kh7 16. Kh1 Nh5 17. g3 f5 18. Kg2 Nhf6 19. f4 h5 20. h4 Ng4 21. Bg1 Bd4
22. Rfe1 Qf6 23. Re2 Rxe2+ 24. Bxe2 Re8 25. Bxg4 Bxc3 26. bxc3 hxg4 27. Bf2 Qe7
28. Re1 Qf7 29. Qb2 Rxe1 30. Bxe1 b6 31. Qa3 Qe8 32. Kf1 Qc8 33. Qa4 Nf6 34.
Qb3 Qb7 35. a4 Qc7 36. Qb2 Kg7 37. Qb3 Kf7 38. Qb2 Ke8 39. Qe2+ Ne4 40. Qh2 Qd7
41. Qa2 Kd8 42. Qb3 Kc7 43. Qc2 Kb7 44. Qb3 Ka7 45. Qa2 Qe8 46. Qc2 Nf6 47. Bf2
Qe4 48. Qxe4 Nxe4 49. Be1 b5 50. cxb5 axb5 51. axb5 c4 52. Ke2 Kb6 53. Ke3 Kc5
54. b6 Kxb6 55. Kd4 Kb5 56. Ke3 Kc5 57. Ke2 Kxd5 58. Ke3 Kc5 59. Ke2 Kb5 60.
Ke3 Ka4 61. Kd4 Kb3 62. Kd5 Nxc3+ 63. Kxd6 Ne4+ 64. Ke6 c3 65. Bxc3 Kxc3 66.
Kf7 Nxg3 67. Kxg6 Kd4 0-1

[Event "Lichtenrader Herbst 2016"]
[Site "Berlin-Lichtenrade"]
[Date "2016.10.28"]
[Round "7.7"]
[White "Meister, Jakob"]
[Black "Asenov, Pavel"]
[Result "1-0"]
[WhiteElo "2444"]
[BlackElo "2207"]
[PlyCount "83"]
[EventDate "2016.??.??"]
[WhiteTeam "SK Zehlendorf"]
[BlackTeam "Witny"]

1. c4 c6 2. e4 d5 3. exd5 cxd5 4. cxd5 Nf6 5. Nc3 Nxd5 6. Bc4 Nb6 7. Bb3 Nc6 8.
Nf3 Bf5 9. d4 e6 10. Be3 Be7 11. Qe2 O-O 12. Rd1 Nb4 13. O-O Rc8 14. Ne5 N4d5
15. Bd2 Bd6 16. f4 Qh4 17. Be1 Qh6 18. Qf3 Bxe5 19. dxe5 Nxc3 20. Bxc3 Qg6 21.
Rd4 Rcd8 22. Rc1 Rxd4 23. Bxd4 Qg4 24. Qxg4 Bxg4 25. Bxb6 axb6 26. Kf2 Rd8 27.
Ke3 h6 28. h3 Bf5 29. Rd1 Rc8 30. Rd6 Rc6 31. Rd8+ Kh7 32. Rd7 Rc1 33. Rxf7
Re1+ 34. Kf2 Rb1 35. g4 Be4 36. Ke3 Bg6 37. Rxb7 Rxb2 38. Bxe6 Rh2 39. f5 Rxh3+
40. Kd4 Be8 41. f6 Bc6 42. fxg7 1-0

[Event "Lichtenrader Herbst 2016"]
[Site "Berlin-Lichtenrade"]
[Date "2016.10.28"]
[Round "7.8"]
[White "Hincu, Olga"]
[Black "Roesemann, Rainer"]
[Result "0-1"]
[WhiteElo "2122"]
[BlackElo "2282"]
[PlyCount "76"]
[EventDate "2016.??.??"]
[BlackTeam "SV Bannewitz"]

1. d4 Nf6 2. Nf3 c5 3. e3 d5 4. b3 cxd4 5. exd4 Bg4 6. Bd3 Nc6 7. Bb2 e6 8.
Nbd2 Be7 9. O-O O-O 10. a3 Qc7 11. Qe2 Rfd8 12. h3 Bh5 13. Qe3 Bg6 14. Bxg6
hxg6 15. c4 dxc4 16. bxc4 Bd6 17. Ne4 Bf4 18. Nxf6+ gxf6 19. Qc3 e5 20. d5 Na5
21. Bc1 Bxc1 22. Rfxc1 Rac8 23. Qb4 b6 24. Nd2 f5 25. Rab1 e4 26. Qb2 Qd6 27.
Rc3 Qe5 28. g4 fxg4 29. hxg4 Rxd5 30. cxd5 Rxc3 31. d6 e3 32. d7 Nb7 33. f4 Qd4
34. Nb3 Qd3 35. Na5 Rc2 36. Qe5 Qd2 37. Qe8+ Kg7 38. Qe5+ Kh7 0-1

[Event "Lichtenrader Herbst 2016"]
[Site "Berlin-Lichtenrade"]
[Date "2016.10.28"]
[Round "7.9"]
[White "Terhorst, Jochen"]
[Black "Giemsa, Stephan"]
[Result "1/2-1/2"]
[WhiteElo "2184"]
[BlackElo "2270"]
[PlyCount "44"]
[EventDate "2016.??.??"]
[WhiteTeam "SC Wittlich 1947"]
[BlackTeam "SK König Tegel 1949 e.V."]

1. e4 e6 2. d4 d5 3. Nd2 c5 4. Ngf3 cxd4 5. exd5 Qxd5 6. Bc4 Qd7 7. O-O Nc6 8.
Nb3 Nf6 9. Qe2 a6 10. a4 Qc7 11. Nbxd4 Nxd4 12. Nxd4 Bd6 13. Nf3 O-O 14. Re1 e5
15. h3 e4 16. Nd4 Re8 17. Be3 Bd7 18. c3 Rac8 19. Bb3 Rcd8 20. Qc4 Qxc4 21.
Bxc4 Bc8 22. Rad1 h6 1/2-1/2

[Event "Lichtenrader Herbst 2016"]
[Site "Berlin-Lichtenrade"]
[Date "2016.10.28"]
[Round "7.10"]
[White "Holinka, Henning"]
[Black "Ahmadinia, Ebrahim"]
[Result "0-1"]
[WhiteElo "2018"]
[BlackElo "2370"]
[PlyCount "92"]
[EventDate "2016.??.??"]
[WhiteTeam "Hamburger SK von 1830 eV"]
[BlackTeam "SF Berlin 1903 e.V."]

1. e4 g6 2. d4 Bg7 3. Nc3 d6 4. f4 Nf6 5. Nf3 O-O 6. Bd3 Nc6 7. O-O e5 8. fxe5
dxe5 9. d5 Ne7 10. Nxe5 c6 11. Nc4 cxd5 12. exd5 Nexd5 13. Nxd5 Nxd5 14. c3 b5
15. Ne3 Bb7 16. Qc2 Nc7 17. Bd2 f5 18. Rad1 Qd7 19. Bc1 Qc6 20. Qf2 Ne6 21. Nc2
a5 22. Be2 f4 23. Bf3 Qc7 24. Bg4 Rae8 25. Bxe6+ Rxe6 26. Bxf4 Qc4 27. Nd4 Ref6
28. b3 Qf7 29. Nxb5 Rxf4 30. Qxf4 Qxf4 31. Rxf4 Rxf4 32. c4 Bc6 33. a4 Bf8 34.
Rd8 Kg7 35. Nd6 Be7 36. Rc8 Bxd6 37. Rxc6 Rf6 38. Rc8 Be5 39. Rd8 Rd6 40. Rc8
Rd1+ 41. Kf2 Rb1 42. Ra8 Rxb3 43. Rxa5 Bxh2 44. Rb5 Ra3 45. a5 Kh6 46. c5 Bc7
0-1

[Event "Lichtenrader Herbst 2016"]
[Site "Berlin-Lichtenrade"]
[Date "2016.10.28"]
[Round "7.11"]
[White "Bekasovs, Rihards"]
[Black "Glantz, Robert"]
[Result "0-1"]
[WhiteElo "2003"]
[BlackElo "2340"]
[PlyCount "80"]
[EventDate "2016.??.??"]
[WhiteTeam "Riga Chess School"]
[BlackTeam "SC Kreuzberg e.V."]

1. c4 Nf6 2. g3 c5 3. Bg2 Nc6 4. Nc3 d6 5. a3 g6 6. d3 Bg7 7. e3 Bf5 8. e4 Bd7
9. Nge2 Qc8 10. O-O Bh3 11. Nf4 Bxg2 12. Kxg2 h5 13. h4 Ng4 14. Nfd5 O-O 15. f3
Nge5 16. f4 Ng4 17. Rb1 e6 18. Ne3 f5 19. Nxg4 hxg4 20. Bd2 Qd7 21. b4 Rad8 22.
Ne2 Rfe8 23. Be3 Nd4 24. Nxd4 cxd4 25. Bd2 b5 26. Qe2 bxc4 27. dxc4 Qc6 28.
Rfe1 e5 29. Kh2 exf4 30. Bxf4 Rxe4 31. Qf2 Qxc4 32. Rbc1 Qe6 33. Rxe4 fxe4 34.
Qc2 d3 35. Qc7 Rd7 36. Qc8+ Kh7 37. h5 gxh5 38. Kh1 e3 39. Rd1 Qe4+ 40. Kh2 Rf7
0-1

[Event "Lichtenrader Herbst 2016"]
[Site "Berlin-Lichtenrade"]
[Date "2016.10.28"]
[Round "7.12"]
[White "Wierzbicki, Jirawat"]
[Black "Gruzmann, Boris"]
[Result "0-1"]
[WhiteElo "2108"]
[BlackElo "2253"]
[PlyCount "86"]
[EventDate "2016.??.??"]
[WhiteTeam "SK König Tegel"]
[BlackTeam "Lübecker SV"]

1. e4 c5 2. c3 d5 3. exd5 Qxd5 4. d4 Nf6 5. Nf3 e6 6. Be3 cxd4 7. cxd4 Bb4+ 8.
Nc3 O-O 9. Bd3 b6 10. O-O Bxc3 11. bxc3 Ba6 12. Bxa6 Nxa6 13. Qe2 Qb7 14. Ne5
Rac8 15. Rac1 Nb8 16. Rfd1 h6 17. f3 Nbd7 18. Nd3 Qa6 19. Qb2 Nd5 20. Bf2 Rc4
21. Rd2 Rfc8 22. Rdc2 Qa5 23. Be1 Ne3 24. Re2 Nf5 25. Rec2 Ne7 26. Qb3 Qf5 27.
Nb2 R4c6 28. Qa3 Nd5 29. Qxa7 Nb4 30. Rf2 Nf6 31. Qa3 Nd3 32. Nxd3 Qxd3 33. Qb2
Nd5 34. Rd2 Qe3+ 35. Bf2 Qg5 36. h4 Qg6 37. g3 Rxc3 38. Rxc3 Rxc3 39. Kg2 Qf5
40. f4 Qg4 41. Kf1 Qf3 42. Ke1 Nb4 43. Kf1 Nxa2 0-1

[Event "Lichtenrader Herbst 2016"]
[Site "Berlin-Lichtenrade"]
[Date "2016.10.28"]
[Round "7.13"]
[White "Pueschel, Werner"]
[Black "Krefenstein, Sergej"]
[Result "0-1"]
[WhiteElo "2013"]
[BlackElo "2176"]
[PlyCount "88"]
[EventDate "2016.??.??"]
[WhiteTeam "Lasker Steglitz-Wilmersdorf"]
[BlackTeam "TuS Makkabi Berlin"]

1. e4 e5 2. Nf3 Nc6 3. c3 d5 4. Qa4 f6 5. Bb5 Nge7 6. exd5 Qxd5 7. O-O e4 8.
Bxc6+ Qxc6 9. Qxc6+ bxc6 10. Nd4 c5 11. Nb3 Nc6 12. Re1 Kf7 13. Rxe4 Bf5 14.
Re3 a5 15. d4 Rd8 16. Re1 cxd4 17. Nxd4 Nxd4 18. cxd4 Bb4 19. Nc3 Rxd4 20. a3
Be7 21. Be3 Rd7 22. Rad1 Rhd8 23. Rxd7 Rxd7 24. Rd1 Rxd1+ 25. Nxd1 Bd6 26. Bd2
a4 27. Nc3 Bd7 28. g3 Bc6 29. Kf1 Ke6 30. Ke2 g5 31. Be3 Kf5 32. Bd4 h5 33. f3
h4 34. g4+ Ke6 35. h3 f5 36. Kf2 Bg3+ 37. Kf1 Bxf3 38. gxf5+ Kxf5 39. Nxa4 g4
40. hxg4+ Kxg4 41. Nc5 h3 42. Bg1 Bd5 43. Ke2 Bd6 44. b4 Kg3 0-1

[Event "Lichtenrader Herbst 2016"]
[Site "Berlin-Lichtenrade"]
[Date "2016.10.28"]
[Round "7.14"]
[White "Noetzel, Felix"]
[Black "Buttkus, Andre"]
[Result "0-1"]
[WhiteElo "2209"]
[BlackElo "2024"]
[PlyCount "92"]
[EventDate "2016.??.??"]
[WhiteTeam "SF 1903 Berlin"]
[BlackTeam "SK Tempelhof 1931"]

1. e4 c5 2. Nf3 e6 3. d4 cxd4 4. c3 dxc3 5. Nxc3 Nc6 6. Bc4 d6 7. O-O Nf6 8.
Qe2 a6 9. Rd1 Qc7 10. Bg5 Be7 11. Rac1 O-O 12. Bb3 Qb8 13. Na4 b5 14. Rxc6 bxa4
15. Bxa4 Bb7 16. Bxf6 gxf6 17. Rc3 Rc8 18. Rb3 Qa7 19. Nd4 Rc5 20. f4 Kh8 21.
Rg3 Rg8 22. Rxg8+ Kxg8 23. Kh1 Kh8 24. Bc2 Rc8 25. Qh5 Rxc2 26. Nxc2 Bxe4 27.
Nd4 Bf8 28. f5 e5 29. Nf3 Qd7 30. Nh4 d5 31. Rc1 d4 32. Qe2 Bb7 33. h3 e4 34.
Rd1 Bc5 35. Qc4 Qd5 36. Qxd5 Bxd5 37. b4 Bb6 38. Kg1 d3+ 39. Kf1 Bxa2 40. Ra1
Bc4 41. Ke1 Kg7 42. g4 e3 43. Nf3 Bd5 44. Ng1 Bd4 45. Ra3 Bc4 46. Nf3 Bb2 0-1

[Event "Lichtenrader Herbst 2016"]
[Site "Berlin-Lichtenrade"]
[Date "2016.10.28"]
[Round "7.15"]
[White "Rettore, Ludwig"]
[Black "Hahlbohm, Matthias"]
[Result "1-0"]
[WhiteElo "2087"]
[BlackElo "2100"]
[PlyCount "79"]
[EventDate "2016.??.??"]
[WhiteTeam "Il Castelletto"]
[BlackTeam "TSG Oberschöneweide e.V."]

1. Nf3 c5 2. e4 d6 3. d4 cxd4 4. Nxd4 g6 5. Nc3 Bg7 6. Be3 Nf6 7. f3 Nc6 8. Bc4
a6 9. Qd2 h5 10. O-O-O Bd7 11. Kb1 b5 12. Nxc6 Bxc6 13. Bb3 a5 14. e5 Nh7 15.
e6 f5 16. Ne2 O-O 17. Nf4 Be8 18. h4 Nf6 19. Nd5 Rb8 20. Nxf6+ Bxf6 21. Bh6 Bg7
22. Bxg7 Kxg7 23. g4 Kh7 24. Rhg1 Rf6 25. Qg5 Bc6 26. gxh5 Bxf3 27. hxg6+ Kg7
28. Rdf1 Be4 29. h5 Qh8 30. Qd2 d5 31. Bxd5 Qd8 32. h6+ Kg8 33. h7+ Kg7 34.
h8=Q+ Qxh8 35. Bxe4 fxe4 36. Rxf6 Kxf6 37. g7 Qg8 38. Qf4+ Kxe6 39. Rg6+ Kd7
40. Qxb8 1-0

[Event "Lichtenrader Herbst 2016"]
[Site "Berlin-Lichtenrade"]
[Date "2016.10.28"]
[Round "7.16"]
[White "Hofene, Dieter"]
[Black "Feil, Stephan"]
[Result "0-1"]
[WhiteElo "2056"]
[BlackElo "2140"]
[PlyCount "78"]
[EventDate "2016.??.??"]
[WhiteTeam "SF Beelen 1984 e.V."]
[BlackTeam "SK 1962 Ladenburg"]

1. e4 e5 2. Bc4 Nf6 3. d3 c6 4. Bb3 d5 5. Nf3 dxe4 6. Ng5 Be6 7. Bxe6 fxe6 8.
Nxe4 Nxe4 9. dxe4 Qh4 10. O-O Bc5 11. Be3 Bxe3 12. fxe3 Nd7 13. Nc3 Qe7 14. Qe1
O-O-O 15. a3 h5 16. b4 h4 17. Qe2 Nf6 18. Rad1 h3 19. g3 Kb8 20. Rxd8+ Rxd8 21.
Rd1 Rf8 22. Rd2 Kc7 23. Qd3 Rd8 24. Qe2 Rxd2 25. Qxd2 a5 26. Na4 axb4 27. axb4
Nxe4 28. Qd3 Qxb4 29. c4 Qe1+ 30. Qf1 Qxe3+ 31. Kh1 Nf2+ 32. Kg1 Ng4+ 33. Kh1
Nf6 34. Qxh3 Qc1+ 35. Kg2 Qc2+ 36. Kg1 Qxa4 37. Qxe6 Qd1+ 38. Kg2 Qd2+ 39. Kg1
Qd6 0-1

[Event "Lichtenrader Herbst 2016"]
[Site "Berlin-Lichtenrade"]
[Date "2016.10.28"]
[Round "7.17"]
[White "Gebigke, Martin"]
[Black "Arndt, Uwe"]
[Result "1/2-1/2"]
[WhiteElo "2121"]
[BlackElo "1995"]
[PlyCount "88"]
[EventDate "2016.??.??"]
[WhiteTeam "SC Kreuzberg"]
[BlackTeam "BSV 63 Chemie Weißensee"]

1. e4 c6 2. d4 d5 3. e5 c5 4. Nf3 Bg4 5. dxc5 e6 6. Be3 Nc6 7. Bb5 Nge7 8. c3
Qc7 9. Nbd2 Nf5 10. b4 Nxe3 11. fxe3 Be7 12. O-O O-O 13. Bxc6 Qxc6 14. a4 a5
15. Nd4 Bxd1 16. Nxc6 Bg5 17. Nxa5 Bxe3+ 18. Rf2 Bc2 19. Ra2 Rxa5 20. bxa5 Bd3
21. Rb2 Ba6 22. Nb3 f6 23. exf6 Rxf6 24. Nd4 e5 25. Nb5 Bxc5 26. Kf1 Bxf2 27.
Rxf2 Rc6 28. Ke1 Bxb5 29. axb5 Rxc3 30. Ra2 Rb3 31. a6 bxa6 32. bxa6 Rb8 33.
Kd2 Kf7 34. Kc3 Ke6 35. a7 Ra8 36. Kb4 d4 37. Kc4 Kf5 38. Kd5 d3 39. Rf2+ Kg4
40. Kxe5 Rxa7 41. Ke4 Rd7 42. Rd2 h5 43. Rxd3 Re7+ 44. Kd4 Rd7+ 1/2-1/2

[Event "Lichtenrader Herbst 2016"]
[Site "Berlin-Lichtenrade"]
[Date "2016.10.28"]
[Round "7.18"]
[White "Schnabel, Bennett"]
[Black "Boettcher, Patrick"]
[Result "1-0"]
[WhiteElo "1948"]
[BlackElo "2150"]
[PlyCount "61"]
[EventDate "2016.??.??"]
[WhiteTeam "SV Mattnetz Berlin"]
[BlackTeam "SC Zitadelle Spandau 1977 e.V."]

1. e4 c5 2. c3 Nf6 3. e5 Nd5 4. d4 cxd4 5. cxd4 e6 6. Nf3 d6 7. a3 Bd7 8. Bd3
Bc6 9. O-O Nd7 10. b4 a6 11. Nbd2 Qc7 12. Bb2 dxe5 13. dxe5 Be7 14. Rc1 O-O 15.
g3 Rfd8 16. Qe2 Rac8 17. Rfe1 Nf8 18. Nd4 Qb6 19. N4b3 Rd7 20. Nc5 Bxc5 21.
Rxc5 Qd8 22. Ne4 Rcc7 23. Nd6 Nb6 24. Rec1 Bd5 25. Qg4 Na4 26. Rxc7 Rxc7 27.
Rxc7 Qxc7 28. Ne8 f5 29. exf6 Qf7 30. Nd6 h5 31. Qg5 1-0

[Event "Lichtenrader Herbst 2016"]
[Site "Berlin-Lichtenrade"]
[Date "2016.10.28"]
[Round "7.19"]
[White "Heerde, Thomas"]
[Black "Ziese, Gerhard"]
[Result "1-0"]
[WhiteElo "2044"]
[BlackElo "2013"]
[PlyCount "81"]
[EventDate "2016.??.??"]
[WhiteTeam "SC Weisse Dame (Berlin)"]
[BlackTeam "SG Turm Leipzig"]

1. c4 Nf6 2. d4 c5 3. d5 b5 4. cxb5 a6 5. bxa6 g6 6. Nc3 Bxa6 7. e4 Bxf1 8.
Kxf1 d6 9. g3 Bg7 10. Kg2 O-O 11. Nf3 Nbd7 12. a4 Qb6 13. Qe2 Ng4 14. Nb5 Rfb8
15. Nd2 Ngf6 16. Nc4 Qd8 17. Bd2 Ne8 18. f4 Ra6 19. h4 Rba8 20. a5 Qb8 21. Nba3
Nc7 22. Qg4 Nf6 23. Qf3 Nb5 24. Nxb5 Qxb5 25. b3 Nd7 26. Rab1 Rb8 27. h5 Ra7
28. g4 Qa6 29. g5 Qc8 30. Qh3 Nf8 31. f5 Qa6 32. Bc3 Rxb3 33. Rxb3 Qxc4 34. Be1
Qxe4+ 35. Qf3 Qxf5 36. Qxf5 gxf5 37. Rb8 Be5 38. Bd2 e6 39. Rhb1 exd5 40. Rd8
f6 41. Rbb8 1-0

[Event "Lichtenrader Herbst 2016"]
[Site "Berlin-Lichtenrade"]
[Date "2016.10.28"]
[Round "7.20"]
[White "Krueger, Robin Kevin"]
[Black "Gelemerov, Yane"]
[Result "0-1"]
[WhiteElo "1849"]
[BlackElo "2026"]
[PlyCount "38"]
[EventDate "2016.??.??"]
[WhiteTeam "SC Schwarz-Weiß Lichtenrade e.V."]
[BlackTeam "Krakra Pernishki"]

1. e4 e5 2. Nc3 Bc5 3. f4 d6 4. Nf3 Nc6 5. Bc4 Nf6 6. d3 O-O 7. f5 Na5 8. Bg5
c6 9. Qe2 b5 10. Bb3 Bb7 11. O-O-O Nxb3+ 12. axb3 Qe7 13. g4 a5 14. h4 a4 15.
h5 axb3 16. h6 g6 17. Qh2 b4 18. Qh5 bxc3 19. Bxf6 Ra1# 0-1

[Event "Lichtenrader Herbst 2016"]
[Site "Berlin-Lichtenrade"]
[Date "2016.10.28"]
[Round "7.21"]
[White "Sliwicka, Alicja"]
[Black "Sulayev, Daniel"]
[Result "1-0"]
[WhiteElo "2144"]
[BlackElo "1924"]
[PlyCount "23"]
[EventDate "2016.??.??"]
[WhiteTeam "UKS OPP TORUN"]
[BlackTeam "SV Empor Berlin e.V."]

1. e4 e5 2. Nf3 Nc6 3. d4 exd4 4. Nxd4 Nf6 5. Nxc6 bxc6 6. Qe2 Qe7 7. Nc3 d5 8.
exd5 cxd5 9. Nb5 Be6 10. Qe5 Qb4+ 11. c3 Bd6 12. Qxe6+ 1-0

[Event "Lichtenrader Herbst 2016"]
[Site "Berlin-Lichtenrade"]
[Date "2016.10.28"]
[Round "7.22"]
[White "Witte, Ronald"]
[Black "Barath, Madhan"]
[Result "0-1"]
[WhiteElo "2021"]
[BlackElo "2125"]
[PlyCount "64"]
[EventDate "2016.??.??"]
[WhiteTeam "BSV 63 Chemie Weißensee"]
[BlackTeam "SC Zugzwang 95 e.V."]

1. d4 Nf6 2. c4 e6 3. Nc3 Bb4 4. Qc2 O-O 5. a3 Bxc3+ 6. Qxc3 b5 7. cxb5 c6 8.
bxc6 Nxc6 9. Bg5 Bb7 10. Nf3 Rc8 11. Bxf6 Qxf6 12. e4 Qg6 13. Qe3 Na5 14. Bd3
f5 15. O-O fxe4 16. Ne5 Qf5 17. Be2 d6 18. Bg4 Qf6 19. Nd7 Qg6 20. Qh3 Rfe8 21.
Bh5 Qg5 22. Bxe8 Rxe8 23. b4 Nc4 24. Rfc1 Bd5 25. a4 Rd8 26. Nc5 dxc5 27. dxc5
Rf8 28. Qg3 Qd2 29. b5 e3 30. fxe3 Nxe3 31. c6 Qd4 32. c7 Nd1+ 0-1

[Event "Lichtenrader Herbst 2016"]
[Site "Berlin-Lichtenrade"]
[Date "2016.10.28"]
[Round "7.23"]
[White "Welz, Peter"]
[Black "Di Candia, Roberto"]
[Result "1-0"]
[WhiteElo "2085"]
[BlackElo "1874"]
[PlyCount "61"]
[EventDate "2016.??.??"]
[WhiteTeam "SV Empor Berlin e.V."]
[BlackTeam "Schachfreunde Berlin"]

1. e4 c5 2. Nc3 g6 3. g3 Bg7 4. Bg2 Nc6 5. d3 d6 6. Be3 Nf6 7. h3 O-O 8. f4 Ne8
9. Nf3 Nd4 10. O-O f5 11. Qd2 Rb8 12. Rae1 Bd7 13. e5 Nxf3+ 14. Bxf3 Bc6 15.
Qg2 Bxf3 16. Qxf3 Nc7 17. Bf2 b6 18. d4 cxd4 19. Bxd4 d5 20. Ne2 e6 21. Rf2 Rf7
22. Kh1 Bf8 23. Rg1 Na6 24. g4 Qd7 25. Ng3 Nc5 26. gxf5 exf5 27. Nh5 Ne4 28.
Rfg2 Qe6 29. Nf6+ Kh8 30. Rxg6 hxg6 31. Qh5+ 1-0

[Event "Lichtenrader Herbst 2016"]
[Site "Berlin-Lichtenrade"]
[Date "2016.10.28"]
[Round "7.24"]
[White "Baum, Jonasz"]
[Black "Hartmann, Jakob"]
[Result "1-0"]
[WhiteElo "1851"]
[BlackElo "2037"]
[PlyCount "159"]
[EventDate "2016.??.??"]
[WhiteTeam "UKS Czternastka Warszawa"]
[BlackTeam "SV Königsjäger Süd-West e.V."]

1. e4 e5 2. Nf3 Nc6 3. Bc4 Bc5 4. c3 Nf6 5. d4 exd4 6. e5 d5 7. Bb5 Ne4 8. cxd4
Bb6 9. h3 O-O 10. O-O f6 11. Bxc6 bxc6 12. Be3 f5 13. Qc1 Ba6 14. Re1 Ba5 15.
Nc3 Qe7 16. Nxe4 dxe4 17. Bg5 Qd7 18. Nd2 h6 19. Bf4 g5 20. Bh2 Rab8 21. Rd1
Be2 22. Re1 Bd3 23. h4 Qxd4 24. hxg5 Rxb2 25. Qxc6 Qb6 26. Qd5+ Kh7 27. g6+
Kxg6 28. Rec1 Bb5 29. Bf4 Bxd2 30. Bxd2 Kh7 31. a4 Be8 32. Be3 Qb7 33. Qe6 c6
34. Qxh6+ Kg8 35. e6 Qh7 36. Qg5+ Qg6 37. Qxg6+ Bxg6 38. Rxc6 Re8 39. Bxa7 Rb7
40. Bc5 f4 41. a5 e3 42. a6 Be4 43. axb7 Bxc6 44. Rb1 Rb8 45. e7 Kf7 46. fxe3
fxe3 47. Rf1+ Ke6 48. Rf8 e2 49. Kf2 Rxb7 50. e8=Q+ Bxe8 51. Rxe8+ Kd5 52. Be3
Rb2 53. g4 Kc4 54. g5 Kd3 55. Rd8+ Ke4 56. Rd2 e1=Q+ 57. Kxe1 Rb3 58. Bf2 Rb5
59. Bh4 Kf5 60. Rg2 Rb1+ 61. Kf2 Kg6 62. Kg3 Kh5 63. Kf4 Rb4+ 64. Kf5 Rb5+ 65.
Ke4 Rb4+ 66. Kd5 Kg6 67. Bf2 Rb2 68. Ke4 Ra2 69. Kf3 Ra5 70. Be3 Rf5+ 71. Kg4
Ra5 72. Rh2 Ra4+ 73. Bf4 Rb4 74. Rh6+ Kg7 75. Kf5 Rb5+ 76. Be5+ Kf8 77. g6 Rb1
78. g7+ Kf7 79. Rf6+ Ke7 80. g8=Q 1-0

[Event "Lichtenrader Herbst 2016"]
[Site "Berlin-Lichtenrade"]
[Date "2016.10.28"]
[Round "7.25"]
[White "Heuer, Thomas"]
[Black "Idaczek, Guenter"]
[Result "1/2-1/2"]
[WhiteElo "2127"]
[BlackElo "1916"]
[PlyCount "40"]
[EventDate "2016.??.??"]
[WhiteTeam "TSG Neuruppin"]
[BlackTeam "TSV Mariendorf"]

1. d4 Nf6 2. Nf3 g6 3. c4 Bg7 4. Nc3 d6 5. e4 O-O 6. Be2 e5 7. O-O Na6 8. Bg5
c6 9. dxe5 dxe5 10. Nxe5 Qxd1 11. Raxd1 Nxe4 12. Nxe4 Bxe5 13. Be7 Re8 14. Nf6+
Bxf6 15. Bxf6 Be6 16. b3 Nc5 17. Bf3 Nd7 18. Bc3 Nc5 19. Bb4 Nd7 20. Bc3 Nc5
1/2-1/2

[Event "Lichtenrader Herbst 2016"]
[Site "Berlin-Lichtenrade"]
[Date "2016.10.28"]
[Round "7.26"]
[White "Kreutz, Jonas"]
[Black "Federau, Juergen"]
[Result "1-0"]
[WhiteElo "1722"]
[BlackElo "2118"]
[PlyCount "153"]
[EventDate "2016.??.??"]
[WhiteTeam "SV Königsjäger Süd-West e.V."]
[BlackTeam "SC Kreuzberg"]

1. e4 c5 2. Nf3 d6 3. d4 cxd4 4. Qxd4 a6 5. c4 Nc6 6. Qe3 g6 7. h3 Bg7 8. Be2
Nf6 9. Nc3 O-O 10. O-O Nd7 11. Rb1 Qb6 12. Nd5 Qd8 13. Rd1 Re8 14. b4 e6 15.
Nf4 Qc7 16. Qd2 Bf8 17. Bb2 b6 18. Nd3 Bb7 19. Qc3 f6 20. Nf4 Nce5 21. Nd4 Kf7
22. c5 bxc5 23. Ndxe6 Rxe6 24. Bc4 Nxc4 25. Nxe6 Kxe6 26. Qxc4+ Ke7 27. Qg8 Re8
28. Qxh7+ Kd8 29. bxc5 Ne5 30. Qxc7+ Kxc7 31. cxd6+ Bxd6 32. Rbc1+ Nc6 33. f3
f5 34. exf5 gxf5 35. Kf1 Bg3 36. Bc3 Kb6 37. Be1 Bf4 38. Rb1+ Kc7 39. g3 Be5
40. f4 Bg7 41. Rd7+ Kxd7 42. Rxb7+ Ke6 43. Rxg7 Kd5 44. Rd7+ Ke4 45. Rd2 Rb8
46. Re2+ Kf3 47. Bf2 Rb1+ 48. Re1 Rxe1+ 49. Bxe1 Nd4 50. h4 Kg4 51. Kf2 Nc2 52.
Ke2 Nd4+ 53. Kd3 Nf3 54. Bf2 Nh2 55. Ke2 Kh5 56. Bg1 Ng4 57. Kf3 Kg6 58. a4 Kh5
59. a5 Kg6 60. Kg2 Kh5 61. Bb6 Kg6 62. Bd8 Kh5 63. Bc7 Kg6 64. Kf3 Kh5 65. Ke2
Nh2 66. Kd3 Nf1 67. Kc4 Nxg3 68. Kc5 Kxh4 69. Kb6 Kg4 70. Kxa6 Ne2 71. Kb7 Nxf4
72. a6 Ne6 73. a7 Nxc7 74. Kxc7 f4 75. a8=Q f3 76. Qa1 f2 77. Qf1 1-0

[Event "Lichtenrader Herbst 2016"]
[Site "Berlin-Lichtenrade"]
[Date "2016.10.28"]
[Round "7.27"]
[White "Koenig, Falk"]
[Black "Acikel, Mert"]
[Result "1/2-1/2"]
[WhiteElo "2037"]
[BlackElo "1871"]
[PlyCount "68"]
[EventDate "2016.??.??"]
[WhiteTeam "SF Vonkeln 1931"]
[BlackTeam "SK König Tegel 1949 e.V."]

1. d4 d5 2. c4 e6 3. Nc3 Nf6 4. cxd5 exd5 5. Bg5 Be7 6. e3 c6 7. Qc2 O-O 8. Bd3
Nbd7 9. h3 Re8 10. Nf3 Nf8 11. Bf4 Be6 12. O-O Rc8 13. Ne5 Ng6 14. Bh2 Nd7 15.
f4 Ndxe5 16. fxe5 c5 17. Qf2 f6 18. Bf5 Bxf5 19. Qxf5 cxd4 20. exd4 Qb6 21.
Rad1 Qxb2 22. Nxd5 Rc2 23. Rf2 Rxf2 24. Qxf2 Qxf2+ 25. Kxf2 fxe5 26. Nxe7+ Rxe7
27. dxe5 Nxe5 28. Bxe5 Rxe5 29. Rd7 Rb5 30. a4 Rb4 31. a5 Rb5 32. a6 bxa6 33.
Rxa7 Ra5 34. g3 Ra3 1/2-1/2